Catálogo

Vista normal Vista MARC

Entrada Personal Name

Número de registros utilizados en: 1

001 - CONTROL NUMBER

  • control field: 17920

003 - CONTROL NUMBER IDENTIFIER

  • control field: DLC

005 - DATE AND TIME OF LATEST TRANSACTION

  • control field: 20260313152808.0

008 - FIXED-LENGTH DATA ELEMENTS

  • fixed length control field: 990121n| azannaabn |n aaa c

010 ## - LIBRARY OF CONGRESS CONTROL NUMBER

  • LC control number: nr 99002437

035 ## - SYSTEM CONTROL NUMBER

  • System control number: (CaEvSKY)skya5956121

040 ## - CATALOGING SOURCE

  • Original cataloging agency: UPB
  • Language of cataloging: spa
  • Description conventions: rda
  • Transcribing agency: Mx-PuUPA
  • Modifying agency: MX-SlUA
  • Modifying agency: Mx-PuUPA

100 1# - HEADING--PERSONAL NAME

  • Personal name: Pardinas, Juan E.,

372 ## - FIELD OF ACTIVITY

  • Field of activity: Ciencias políticas
  • Source of term: lcsh

373 ## - ASSOCIATED GROUP

  • Associated group: Universidad de Mujeres
  • Associated group: Universidad Nacional Autónoma de México
  • Associated group: Escuela de Economía y Ciencias Políticas de Londres
  • Source of term: naf

374 ## - OCCUPATION

  • Occupation: Político
  • Occupation: Autor
  • Source of term: lcsh

375 ## - GENDER

  • Gender: hombre
  • Source of term: lcdgt

377 ## - ASSOCIATED LANGUAGE

  • Language code: spa

670 ## - SOURCE DATA FOUND

  • Source citation: Todos los gobernadores del Presidente ... c1997:
  • Information found: t.p. (Juan E. Pardinas) p. 4 of cover (licenciado en Ciencia Política por la Universidad Nacional Autónoma de México, realiza estudios de posgrado en Economía de la Universidad de Sophia en Tokio, Japón)

670 ## - SOURCE DATA FOUND

  • Source citation: Impuestos: ¿Un mal necesario?, 2005:
  • Information found: title page (Juan E. Pardinas) front flap (Juan E. Pardinas. studied political science at UNAM, then obtained a master's degree in Economics from Sophia University in Tokyo, Japan, He is currently pursuing a Ph.D. in Government from the London School of Economics)